000 012770000a22003250004500
003 EG-GICUC
005 20250223032156.0
008 070313s2003 ua d f m 000 0 eng d
040 _aEG-GICUC
_beng
_cEG-GICUC
041 0 _aEng
049 _aDeposite
097 _aM.Sc
099 _aCai01.13.04.M.Sc.2003.Hu.D
100 0 _aHussein Hatem Mohamed Ahmed Shetiah
245 1 0 _aDetection of dangerous gases by modern complexes /
_cHussein Hatem Mohamed Ahmed Shetiah ; Supervised Sayed Abd El meguid Sherief , Ahmed Nasr Eldin Mahdy , Hussein Abd El hay Ibraheim
246 1 5 _aالكشف عن الغازات الخطرة بمتراكبات حديثة
260 _aCairo :
_bHussein Hatem Mohamed Ahmed Shetiah ,
_c2003
300 _a113P :
_bcharts ;
_c30cm
502 _aThesis (M.Sc.) - Cairo University - Faculty Of Engineering - Department Of Chemical Engineering
530 _aIssued also as CD
653 4 _adangerous gases
653 4 _amodern complexes
700 0 _aAhmed Nasr Eldin Mahdy ,
_eSupervisor
700 0 _aHussein Abd El hay Ibraheim ,
_eSupervisor
700 0 _aSayed Abd El meguid Sherief ,
_eSupervisor
856 _uhttp://172.23.153.220/th.pdf
905 _aAmira
_eCataloger
905 _aEsam
_eRevisor
942 _2ddc
_cTH
999 _c69822
_d69822